000 00528nam a2200181Ia 4500
008 090201s9999 xx 000 0 und d
010 _aKPL-67818
040 _bमराठी
041 _aमराठी
082 _a45646
_b67818
100 _aशिवाजी सावंत
245 _aछावा
_cशिवाजी सावंत
250 _a11
260 _c2005
_bकॉन्टीनेंटल प्रकाशन
300 _a861
_bमोठा
600 _aछावा
942 _cBOOK
999 _c242543
_d242543